00404nam a2200181Ia 4500003000900000008004100009040001300050040001300063041000800076100002000084245005300104250000900157260002000166260000900186300001100195300001000206490000600216IT-RoPAU120407s9999 xx 000 0 und d aIT-RoPAU cIT-RoPAU aita aAntonio Gramsci aIl Vaticano e l’Italia. A cura di Elsa Fubini. aRoma aEditori Riuniti c1974 a142 p. c18 cm v1